00870nam a2200301Ia 4500001000700000003000500007008004100012010001100053020001800064040000900082082001500091100003300106245009500139260003200234300001500266503001700281650001800298650003000316650002100346650004100367901001500408902000600423910000900429942000600438942000700444999001900451952009800470Z_1555CHAP220113s9999 xx 000 0 und d a164643 a9-06193-598-9 cCHAP a633.31 L47 aLesins, Karlis Adolfs966337 aGenus Medicago (Leguminosae): a taxogenetics study /cKarlis Adolfs Lesins y Irma Lesins aNetherlands :bJunk,c  axi, 228 p. aej.1: 168165 aAlfalfa93847 aGenética vegetal947497 aLegumbres965680 aPlantas xx Clasificasión9138696 a633.31 L47 aM a  c1 cc1 c164643d164643 00102ddc40708GRALaZbZc1d2005-11-09pz_1670r2022-01-18 00:00:00t1w2022-01-18yLIBRO